<?xml version="1.0" encoding="UTF-8"?>
<record
    xmlns:xsi="http://www.w3.org/2001/XMLSchema-instance"
    xsi:schemaLocation="http://www.loc.gov/MARC21/slim http://www.loc.gov/standards/marcxml/schema/MARC21slim.xsd"
    xmlns="http://www.loc.gov/MARC21/slim">

  <leader>02754    a2200217   4500</leader>
  <controlfield tag="001">29883</controlfield>
  <controlfield tag="005">20260407155608.0</controlfield>
  <controlfield tag="008">260407a1958    arg                 spa d</controlfield>
  <controlfield tag="003">AR-UNSa-BCEJYS</controlfield>
  <datafield tag="040" ind1=" " ind2=" ">
    <subfield code="a">AR-UNSa-BCEJYS</subfield>
    <subfield code="b">spa</subfield>
    <subfield code="c">AR-UNSa-BCEJYS</subfield>
  </datafield>
  <datafield tag="080" ind1=" " ind2=" ">
    <subfield code="a">657.471.1</subfield>
    <subfield code="x">Clases de costos. Costos de producci&#xF3;n
</subfield>
  </datafield>
  <datafield tag="245" ind1="1" ind2="0">
    <subfield code="a">Contabilidad de costos</subfield>
    <subfield code="p">fundamentos y aplicaciones</subfield>
  </datafield>
  <datafield tag="264" ind1=" " ind2="1">
    <subfield code="a">Barcelona :</subfield>
    <subfield code="b">Labor</subfield>
    <subfield code="c">1958</subfield>
  </datafield>
  <datafield tag="300" ind1=" " ind2=" ">
    <subfield code="a">xx, 1101 p.</subfield>
    <subfield code="c">23 cm.</subfield>
  </datafield>
  <datafield tag="505" ind1=" " ind2=" ">
    <subfield code="a">Primera parte: Introducci&#xF3;n a la contabilidad de costos - 1. Definici&#xF3;n y alcance - 2. Clasificaci&#xF3;n y an&#xE1;lisis de los desembolsos - 3. Costos unitarios y su aplicaci&#xF3;n - 4. Los estados financieros por el m&#xE9;todo de inventarios - Segunda parte: La contabilidad de costos en las empresas industriales - 5. Finalidades y funciones de la contabilidad de costos - 6. Objetivos de la contabilidad de costos - 7. Las cuentas de costos en el libro mayor - 8. Desarrollo del libro mayor - 9. Las cuentas de servicios de f&#xE1;brica en al libro mayor - 10. Cuentas del mayor auxiliar. Materiales y mano de obra - 11. Cuentas del mayor auxiliar. Art&#xED;culos en curso de fabricaci&#xF3;n - 12. Cargo de los servicios de f&#xE1;brica en las hojas de costo - 13. Cuentas del mayor auxliar. Art&#xED;culos terminados - 14. El libro diario en la contabilidad de costos. Desembolsos - 15. El libro diario en la contabilidad de costos. Productos, expedici&#xF3;n y venta de art&#xED;culos - 16. Documentaci&#xF3;n. Operaciones de aprovisionamiento - 17. Documentaci&#xF3;n. Almacenamiento y salida de materiales - 18. Documentaci&#xF3;n. Mano de obra - 19. Documentaci&#xF3;n. Fabricaci&#xF3;n, expedici&#xF3;n, venta y operaciones diversas  - 20. Separaci&#xF3;n de la contabilidad de f&#xE1;brica - Tercera parte: Problemas especiales del costo en las empresas industriales - 21. Adquisici&#xF3;n de elementos determinantes de la capacidad industrial o de fabricaci&#xF3;n - 22. Uso de los elementos representativos de la capacidad de fabricaci&#xF3;n - 23. El riesgo en las empresas industriales - 24. El problema de subproductos y productos m&#xFA;ltiples - 25. Control administrativo a trav&#xE9;s de la contabilidad de costos - 26. Medici&#xF3;n de la eficiencia. Costos tipo o st&#xE1;ndar - 27. Contabilidad del costo st&#xE1;ndar - 28. El costo st&#xE1;ndar en el control presupuestario - Cuarta parte: Sistema de contabilidad de costos - 29. Consideraciones preliminares. Proyecto e implantaci&#xF3;n de sistemas - 30. Determinaci&#xF3;n de resultados por clases de art&#xED;culos - 31. El sistema de costos por estimaci&#xF3;n - 32. El sistema completo de costos - 33. Contabilidad uniforme por ramas de industria - Problemas pr&#xE1;cticos</subfield>
  </datafield>
  <datafield tag="942" ind1=" " ind2=" ">
    <subfield code="c">BK</subfield>
  </datafield>
  <datafield tag="590" ind1=" " ind2=" ">
    <subfield code="a">niveau_biblio:m niveau_hierar:0</subfield>
  </datafield>
  <datafield tag="100" ind1="1" ind2=" ">
    <subfield code="a">Dohr, James L.</subfield>
  </datafield>
  <datafield tag="700" ind1="1" ind2=" ">
    <subfield code="a">Inghram, Howell A.</subfield>
  </datafield>
  <datafield tag="700" ind1="1" ind2=" ">
    <subfield code="a">Love, Andrew L.</subfield>
  </datafield>
  <datafield tag="999" ind1=" " ind2=" ">
    <subfield code="c">1967</subfield>
    <subfield code="d">1967</subfield>
  </datafield>
  <datafield tag="952" ind1=" " ind2=" ">
    <subfield code="0">0</subfield>
    <subfield code="1">0</subfield>
    <subfield code="4">0</subfield>
    <subfield code="7">0</subfield>
    <subfield code="a">BCEJYS</subfield>
    <subfield code="b">BCEJYS</subfield>
    <subfield code="c">16</subfield>
    <subfield code="d">2026-04-07</subfield>
    <subfield code="l">0</subfield>
    <subfield code="o">657.471.1 D655</subfield>
    <subfield code="p">L20057</subfield>
    <subfield code="r">2026-04-07 15:56:08</subfield>
    <subfield code="w">2026-04-07</subfield>
    <subfield code="y">L</subfield>
  </datafield>
  <datafield tag="952" ind1=" " ind2=" ">
    <subfield code="0">0</subfield>
    <subfield code="1">0</subfield>
    <subfield code="4">0</subfield>
    <subfield code="7">0</subfield>
    <subfield code="a">BCEJYS</subfield>
    <subfield code="b">BCEJYS</subfield>
    <subfield code="c">16</subfield>
    <subfield code="d">2026-04-07</subfield>
    <subfield code="l">0</subfield>
    <subfield code="o">657.471.1 D655</subfield>
    <subfield code="p">L21873</subfield>
    <subfield code="r">2026-04-07 15:56:08</subfield>
    <subfield code="w">2026-04-07</subfield>
    <subfield code="y">L</subfield>
  </datafield>
  <datafield tag="952" ind1=" " ind2=" ">
    <subfield code="0">0</subfield>
    <subfield code="1">0</subfield>
    <subfield code="4">0</subfield>
    <subfield code="7">0</subfield>
    <subfield code="a">BCEJYS</subfield>
    <subfield code="b">BCEJYS</subfield>
    <subfield code="c">16</subfield>
    <subfield code="d">2026-04-07</subfield>
    <subfield code="l">0</subfield>
    <subfield code="o">657.471.1 D655</subfield>
    <subfield code="p">L21872</subfield>
    <subfield code="r">2026-04-07 15:56:08</subfield>
    <subfield code="w">2026-04-07</subfield>
    <subfield code="y">L</subfield>
  </datafield>
</record>
